Bibliobús El Castellot : 2017 2017
Descripción Física:
1 imant autoadhesiu : il·lustracions ; 10 x 15 cm
Idioma:
Catalán
MARC
| LEADER | 00000nrm a2200000 a 4500 | ||
|---|---|---|---|
| 001 | 25910 | ||
| 008 | 220614b spa||||| |||| 00| 0 cat d | ||
| 080 | |a NBM-13-242 | ||
| 245 | |a Bibliobús El Castellot : |b 2017 | ||
| 260 | |a Barcelona : |b Diputació de Barcelona. Xarxa de Biblioteques Municipals, |c 2016 | ||
| 300 | |a 1 imant autoadhesiu : |b il·lustracions ; |c 10 x 15 cm | ||
| 500 | |a Imant autoadhesiu que conté els horaris del Bibliobús El Castellot durant l'any 2017. | ||
| 610 | 2 | 0 | |a Bibliobús El Castellot |9 52877 |
| 650 | 0 | |a Bibliobusos |z Barcelona (Catalunya : Província) |9 30563 | |
| 655 | 0 | |a Imants |9 55150 | |
| 710 | 1 | |a Barcelona (Catalunya : Província). |b Xarxa de Biblioteques Municipals |9 52650 | |
| 942 | |2 udc |c ARXIU |n 1 | ||
| 952 | |0 0 |1 0 |4 0 |6 NBM13242 |7 1 |9 62369 |a Arxiu |b Arxiu |d 2022-06-14 |l 0 |o NBM-13-242 |p 25910 |r 2022-06-14 00:00:00 |w 2022-06-14 |y ARXIU | ||
| 999 | |c 82022 |d 82022 | ||